Manual de la clasificación estadística internacional de enfermedades, traumatismos y causas de defunción

Guardado en:
Formato: Libro
Publicado: Washington : Organización Panamericana de la Salud, 1972
Materias:
Etiquetas: Agregar Etiqueta
Sin Etiquetas, Sea el primero en etiquetar este registro!
LEADER 00589nam a22001695a 4500
001 CEM.cems015586
005 20090915153942.0
008 130507s1972##################000#0#####d
003 CEMS
082 0 4 |a 616.012 
245 0 0 |a Manual de la clasificación estadística internacional de enfermedades, traumatismos y causas de defunción 
260 |a Washington :  |b Organización Panamericana de la Salud,  |c 1972 
300 |a 701 p. 
505 0 |a Índice alfabético 
653 |a Enfermedades-clasificación 
653 |a Medicina 
859 |a CEMS  |b BIB. CEMS - Agricultura  |h 616.012  |i M319  |p A7129.79  |t Ej.1  |v II  |3 II